000 00445nam a22001577a 4500
005 20240106155432.0
008 190326b xxu||||| |||| 00| 0 eng d
020 _a978-93-86353-58-0
041 _aeng
100 _aKOTHAWADE, S.N ., TARE, DR. M.S ,AND CHAUDHARI,DR. P.D.
_98259
245 _aA TEXTBOOK OF QUALITY ASSURANCE TECHNIQUES (SEM-VIII)
250 _a2nd , 2018
260 _aPUNE
_bNIRALI PRAKASHAN
300 _aG.1 p,
942 _cBK
999 _c5778
_d5776